| 000 | 00842nam a22002297a 4500 | ||
|---|---|---|---|
| 999 |
_c19453 _d19453 |
||
| 003 | AR-CdUCM | ||
| 008 | 190517b ||||| |||| 00| 0 spa d | ||
| 040 |
_aMUNICIPALIDAD PROVINCIAL DEL CUSCO _cBIBLIOTECA MUNICIPAL DEL CUSCO |
||
| 041 | _heng | ||
| 082 |
_22ed _a301.2 / _bH71 |
||
| 100 |
_aHollander, Edwin P. _940784 |
||
| 245 | _aPrincipios y métodos de la psicología social / | ||
| 260 |
_aBuenos Aires : _bAmorrortu, _c1968. |
||
| 300 |
_a515 páginas ; _c23 cm. |
||
| 505 | _aContenido: El campo contemporáneo de la psicología social -- Antiguos y modernos enfoques de la conducta social -- Teoría y método en psicología social... | ||
| 650 |
_aPsicología _91538 |
||
| 650 |
_aSociedad _953 |
||
| 650 |
_aCiencias sociales _91096 |
||
| 700 |
_aLeal, Anibal C. _940785 |
||
| 942 |
_2ddc _cLIBROS |
||
| 945 |
_adavv _d2019-05-17 |
||